Central Library OPAC University of Rajshahi
Normal view MARC view

Entry Topical Term

Number of records used in: 3

001 - CONTROL NUMBER

  • control field: 18119

003 - CONTROL NUMBER IDENTIFIER

  • control field: BD-RjUL

005 - DATE AND TIME OF LATEST TRANSACTION

  • control field: 20260412124412.0

008 - FIXED-LENGTH DATA ELEMENTS

  • fixed length control field: 260412|| aca||aabn | a|a d

040 ## - CATALOGING SOURCE

  • Original cataloging agency: BD-RjUL
  • Transcribing agency: BD-RjUL

150 ## - HEADING--TOPICAL TERM

  • Topical term or geographic name entry element: Soil Science (Agriculture)

670 ## - SOURCE DATA FOUND

  • Source citation: Work cat.: (BD-RjUL)86356: Phogat, V.K. 18118, Fundamentals of Soil Science /, 2021